000 00258nam a2200097Ia 4500
001 644713
005 20250826153610.0
008 250824s9999 xx 000 0 und d
245 0 _aSUMARNA 4 KAYIP ALTMIŞ YEDİLER
_cMEHMET BALTAOĞLU
260 _bTİMAŞ ÇOCUK
999 _c644713
_d644713